Oratio in funere Caroli III hispaniarum atque indiarum regis catholici et potentissimi, habita in templo maximo angelopolitano, VII in julii an. Dom. MDCCLXXXIX quum eidem parentaretur / Francisco Xaviero Conde et Oquendo

Detalles Bibliográficos
Autor principal: Conde y Oquendo, Francisco Xavier (1733-1799)
Formato: Libro
Lenguaje:Undetermined
Latin
Publicado: s.l. : s.n., 1700.
Materias:
Colección:Banco de datos
Acervo:Biblioteca Palafoxiana. Colección bibliográfica
Descripción Física:XXX p. ; 4°
Tema general:Homilética
Notas:Número de localización: 16337-B Encuadernado con 13 obras
LEADER 00721nam a2200169Ia 4500
008 150723s9999 xx 000 0 und d
041 0 |a lat 
050 0 |a PAFX BV4207 R4 
100 1 |a Conde y Oquendo, Francisco Xavier (1733-1799) 
245 1 0 |a Oratio in funere Caroli III hispaniarum atque indiarum regis catholici et potentissimi, habita in templo maximo angelopolitano, VII in julii an. Dom. MDCCLXXXIX quum eidem parentaretur / Francisco Xaviero Conde et Oquendo 
260 |a s.l. : s.n., 1700. 
300 |a XXX p. ; 4° 
500 |a Número de localización: 16337-B Encuadernado con 13 obras 
650 1 0 |a Homilética 
942 |c PALALIB 
943 |g Biblioteca Palafoxiana. Colección bibliográfica 
999 |c 1053251  |d 1053251